Hrdina päťročný Maťko, ktorý po zásahu bleskom zišiel zo Súľovských skál, má rád lego a encyklopédie

Podrobná bibliografia
Hlavný autor: Ďurajková, Lenka (Autor)
Médium: Článok
Jazyk:slovenčina
Fyzický popis:Obr.
ISSN:1210-2040
Predmet:

MARC

LEADER 00000nab a2200000 a 4500
001 vtls009314759
003 SK-MaSNL
005 20260305035422.0
008 080724 2008 xo r r 000 0 slo
015 |a SNBRB2008/07  |2 kevkjb 
038 |a KEVKJB 
040 |a KEVKJB  |b slo  |c KEVKJB  |e AACR2 
041 0 |a slo 
044 |a xo  |c SK 
080 |a 551.594.21  |2 2001 
080 |a 614.8.069  |2 2001 
080 |a 551.515.9  |2 2001 
100 1 |a Ďurajková, Lenka  |4 aut  |9 1052829 
245 1 0 |a Hrdina  |b päťročný Maťko, ktorý po zásahu bleskom zišiel zo Súľovských skál, má rád lego a encyklopédie  |c Lenka Ďurajková 
300 |b Obr. 
600 3 7 |a Sýkorovci  |2 kevkjb  |9 503337 
600 1 7 |a Sýkora, Matej  |2 kevkjb  |9 1474843 
650 0 7 |a smrteľné úrazy  |2 kevkjb  |9 50833 
650 0 7 |a zásahy bleskom  |2 kevkjb  |9 1618004 
650 0 7 |a tragédie  |2 kevkjb  |9 30732 
650 0 7 |a blesky  |2 kevkjb  |9 30589 
651 7 |a Súľovské skaly (Súlovské vrchy, Slovensko)  |2 kevkjb  |9 185959 
651 7 |a Kysucký Lieskovec (Slovensko)  |2 kevkjb  |9 104622 
651 7 |a Bytča (Slovensko : okres)  |2 kevkjb  |9 73659 
651 7 |a Kysucké Nové Mesto (Slovensko : okres)  |2 kevkjb  |9 31400 
773 0 |t Plus 7 dní  |g Roč. XVIII, č. 30 (2008), s. 116-119  |x 1210-2040 
852 |a KEVKJB  |b KIS3GCP 
999 |c 3333718  |d 3335648